World Cup Best XIs - Statistics

General Stats
  • This quiz has been taken 96 times
    94 since last reset
  • The average score is 52 of 110
Answer Stats
Answer % Correct
Andrés Iniesta
96%
Gianluigi Buffon
96%
Manuel Neuer
96%
Xavi
96%
David Villa
95%
Ronaldo Nazário
95%
Carles Puyol
94%
Diego Maradona
94%
Gerd Müller
94%
Iker Casillas
94%
Miroslav Klose
94%
Thomas Müller
94%
Pelé
93%
Sergio Ramos
93%
Johan Cruyff
91%
Mats Hummels
91%
Philipp Lahm
91%
Sergio Busquets
91%
Zinedine Zidane
91%
Gerard Piqué
90%
Cafú
89%
Fabio Cannavaro
89%
Ferenc Puskás
89%
Toni Kroos
89%
Jérôme Boateng
88%
Rivaldo
87%
Roberto Carlos
87%
Xabi Alonso
87%
Andrea Pirlo
85%
Ronaldinho
85%
Franz Beckenbauer
84%
Bastian Schweinsteiger
83%
Mesut Özil
78%
Fabien Barthez
77%
Pedro
77%
Francesco Totti
74%
Lilian Thuram
74%
Marco Materazzi
74%
Gianluca Zambrotta
71%
Joan Capdevila
70%
Marcel Desailly
70%
Gennaro Gattuso
67%
Lúcio
67%
Didier Deschamps
66%
Gilberto Silva
62%
Luca Toni
62%
Carlos Alberto
54%
Benedikt Höwedes
52%
Emmanuel Petit
52%
Fabio Grosso
51%
Jairzinho
49%
Bixente Lizarazu
45%
Christoph Kramer
40%
Sepp Maier
40%
Johan Neeskens
39%
Youri Djorkaeff
39%
Rivellino
37%
Sándor Kocsis
37%
Mauro Camoranesi
35%
Jorge Burruchaga
28%
Paul Breitner
28%
Marcos
26%
Christian Karembeu
24%
Ruud Krol
24%
Simone Perrotta
24%
Frank Leboeuf
23%
Gérson
23%
Jorge Valdano
23%
Oscar Ruggeri
23%
Stéphane Guivarc'h
23%
Johnny Rep
22%
Roque Junior
22%
Tostão
22%
Uli Hoeneß
22%
Berti Vogts
21%
Edmilson
21%
José Luis Brown
21%
Kléberson
21%
Nery Pumpido
17%
Wim Suurbier
17%
Rob Rensenbrink
16%
Wolfgang Overath
16%
Zoltán Czibor
16%
Clodoaldo
15%
Nándor Hidegkuti
15%
Brito
13%
Hans-Georg Schwarzenbeck
13%
Sergio Batista
12%
Arie Haan
11%
Everaldo
11%
Félix
11%
Julio Olarticoechea
11%
Rainer Bonhof
11%
Héctor Enrique
10%
József Bozsik
10%
Piazza
10%
Ricardo Giusti
10%
Bernd Hölzenbein
9%
Jürgen Grabowski
9%
Willem Van Hanegem
9%
Wim Jansen
9%
Gyula Grosics
7%
Jan Jongbloed
7%
José Luis Cuciuffo
6%
Mihály Tóth
5%
Wim Rijsbergen
4%
Mihály Lantos
2%
Gyula Lóránt
2%
Jenő Buzánszky
1%
József Zakariás
1%
No matching quizzes found
Score Distribution
Percent of People with Each Score
Percentile by Number Answered
Your Score History
You have not taken this quiz since the last reset